Museo dei miracoli (Il). Il museo come opera d'arte e invenzione tecnologica tra cultura e impresa, comunicazione e poli (Record no. 93549)

MARC details
000 -LEADER
fixed length control field 02105nam a2200289Ia 4500
001 - CONTROL NUMBER
control field H9841
003 - CONTROL NUMBER IDENTIFIER
control field IT-RoPAU
008 - FIXED-LENGTH DATA ELEMENTS--GENERAL INFORMATION
fixed length control field 130308s9999 xx 000 0 und d
040 ## - CATALOGING SOURCE
Original cataloging agency IT-RoPAU
040 ## - CATALOGING SOURCE
Transcribing agency IT-RoPAU
041 ## - LANGUAGE CODE
Language code of text/sound track or separate title ITALIANO
100 ## - MAIN ENTRY--PERSONAL NAME
Personal name Ricciardi Mario
100 ## - MAIN ENTRY--PERSONAL NAME
Miscellaneous information Codice Aut. SPICS: 41399
245 ## - TITLE STATEMENT
Title Museo dei miracoli (Il). Il museo come opera d'arte e invenzione tecnologica tra cultura e impresa, comunicazione e poli
245 ## - TITLE STATEMENT
Remainder of title Museo dei miracoli (Il). Il museo Come Opera d'arte e invenzione tecnologica tra Cultura e Impresa, Comunicazione e Poli
250 ## - EDITION STATEMENT
Edition statement 1a ed.
260 ## - PUBLICATION, DISTRIBUTION, ETC. (IMPRINT)
Place of publication, distribution, etc. MILANO
260 ## - PUBLICATION, DISTRIBUTION, ETC. (IMPRINT)
Name of publisher, distributor, etc. Apogeo
260 ## - PUBLICATION, DISTRIBUTION, ETC. (IMPRINT)
Date of publication, distribution, etc. 2008 [1° Ed.:2008 - Ed.Ling.Originale:2008]
300 ## - PHYSICAL DESCRIPTION
Extent "335 p. (prefazione: 15; testo: 320 [pagine: 0-0])"
500 ## - GENERAL NOTE
General note "Sceneggiatura per un Museo: Fotografia, una Riflessione una Mano una Guida; Fine di Un'Avventura; da Confino a Nanni Moretti; Commiato Dalla Politica; Mutazione Genetica Politica e Industria Culturale; ragioni Profonde Conflitto; Oltre Caimano; conclusioni Personali Dalla Politica All'Etica. museo Nuovo: museo di Cose senza Valore; Contesto Italiano Alcuni Dati di Riferimento; Virtual Heritage contro Cultural Heritage; Tradizione dei Media; Cinema Immerso Nei Nuovi Media; Transizione, passaggio figure Emblematiche; creare e Gestire; Linguaggi Museali; Macchina per comunicare e Teatro Esperienze, Grande Pubblico e Personalizzazione; Costruire Luogo. Comunicazione: Inaugurazione; Strategia Museale e Politica di Eventi; senza Fili; collezioni viventi; Comunicazione e Community. impresa Museo: Mission Impossible?; Dicembre 2001, Primo Anno di gestione Museo; Gestione; budget e Bilani; Museoholding; Caratteri e prospettive del museo Nazionale del Cinema Dopo Apertura (Luglio 2000). Ricerca: mondi vicini e Universi Infiniti; futuro Presente; Essere Sociale, Immaginario, Cinema (E Ipercinema); Appendice Radiografia di un museo e del suo Monumento; Riferimenti Bibliografici."
650 ## - SUBJECT ADDED ENTRY--TOPICAL TERM
Topical term or geographic name as entry element SAGGI SUL CINEMA
650 ## - SUBJECT ADDED ENTRY--TOPICAL TERM
Relator term Codice materia Spics: 6811
942 ## - ADDED ENTRY ELEMENTS (KOHA)
Koha item type LIBRO
957 ## -
-- 1
999 ## - SYSTEM CONTROL NUMBERS (KOHA)
-- 1
Holdings
Withdrawn status Lost status Damaged status Not for loan Home library Current library Date acquired Total Checkouts Full call number Date last seen Price effective from Koha item type Public note
    Buone Condizioni Not For Loan SPICS-MEDIATECA SPICS-MEDIATECA 08/03/2013   H9841 08/03/2013 08/03/2013 LIBRO Progressivo inserimento: 40872 / N. Volumi: 1 Copie: 1 / data import: 1 marzo 2013 - By Epidotti, Trombetti, Vaglietti.
CREDITS: SOCIETA' SAN PAOLO Via A.Severo, 58 - ROMA (RM) & PERIODICI SAN PAOLO SRL Via Giotto, 36 MILANO & CISF Via Giotto, 36 MILANO & EDIZIONI SAN PAOLO SRL,  Piazza Soncino, 5 CINISELLO BALSAMO (MI) -- ITALY